00333nam a2200121Ia 4500008004100000041000800041082001900049100001600068245004500084260004000129300003300169365000900202240624s9999 xx 000 0 und d aeng a658.054678 BUR aBURN JANICE aE BUSINESS STRATEGIES FOR VIRTUAL ORGANI c2002aOxfordbButterworth Heinemann axviii, : 254 : p. : cm. ; 24 cb30